Thực hành phiên dịch Anh - Việt Việt - Anh

Giới thiệu khái quát về công tác phiên dịch, những tình huống trong phiên dịch, thực hành phiên dịch, phiên dich đồng thời từ tiếng Anh sang tiếng Việt và từ tiếng Việt sang tiếng Anh.

Đã lưu trong:
書目詳細資料
其他作者: Nguyễn Thành Yến (Biên dịch)
格式: 圖書
語言:Vietnamese
出版: Tp. Hồ Chí Minh Tổng hợp Tp. Hồ Chí Minh 2016
版:Tái bản
主題:
標簽: 添加標簽
沒有標簽, 成為第一個標記此記錄!
Thư viện lưu trữ: Thư viện Trường Đại học Nam Cần Thơ
LEADER 01140nam a22002057a 4500
001 NCT_96520
008 220304b xxu||||| |||| 00| 0 vie d
999 |c 4801  |d 4801 
020 |a 9786045856703  |c 198000 
082 0 4 |2 23rd ed.  |a 428.24  |b Th552H 
245 0 0 |a Thực hành phiên dịch Anh - Việt Việt - Anh  |c Nguyễn Thành Yến (Biên dịch) 
250 |a Tái bản 
260 |a Tp. Hồ Chí Minh  |b Tổng hợp Tp. Hồ Chí Minh  |c 2016 
300 |a 363 tr.  |b Minh họa  |c 21cm  |e 1 CD - ROM 
520 3 |a Giới thiệu khái quát về công tác phiên dịch, những tình huống trong phiên dịch, thực hành phiên dịch, phiên dich đồng thời từ tiếng Anh sang tiếng Việt và từ tiếng Việt sang tiếng Anh. 
653 |a Ngôn ngữ Anh 
700 1 |a Nguyễn Thành Yến   |e Biên dịch 
942 |2 ddc  |c BK 
952 |0 0  |1 0  |2 ddc  |4 0  |6 428_240000000000000_TH552H  |7 0  |9 22213  |a 000001  |b 000001  |d 2022-03-04  |o 428.24 Th552H  |p MD.19257  |r 2022-03-04  |v 198000.00  |w 2022-03-04  |y BK 
980 |a Thư viện Trường Đại học Nam Cần Thơ